International journal of economic perspectives

Bibliographic Details
Format: Unknown
Language:English
Published: Famagusta, TU : International Economic Society
Online Access:Acceso restringido

MARC

LEADER 00000ny a22000003n 4500
005 20110516103410.0
008 101020c199u9999tu un p 0 a0eng d
022 |a 1307-1637 
035 |a 5151 
040 |a BUS  |d vLex 
090 |c 1923  |d 1923 
245 3 0 |a International journal of economic perspectives  |h [Recurso electrn̤ico] 
256 |a Servicio en ln̕ea 
260 |a Famagusta, TU :  |b International Economic Society 
506 1 |a Contenido solo disponible en los productos indicados  |d vLex Global  |d vLex Global (Academic Edition, excluding Law Schools)  |d vLex Global (U.S. Academic Edition, excluding Law Schools) 
740 |a vLex Revista (Servicios en ln̕ea) 
843 |a Electrn̤ica. Abierta 
853 |8 1  |i (year)  |j (month)  |k (day) 
856 4 0 |z Acceso restringido  |u http://vlex.com/account/login_ip?fuente_id=5151 
942 |c REV 
999 0 |a Business and economics 
999 0 |a Economic systems and theory 
999 0 |a Economy 
999 0 |a History